[Event "Guernsey op 42nd"]
[Site "Vale"]
[Date "2016.10.22"]
[Round "7"]
[White "Abbas, Daniel Karim"]
[Black "Hillarp Persson, Tiger"]
[Result "1/2-1/2"]
[WhiteElo "2294"]
[BlackElo "2513"]
[PlyCount "78"]
[EventDate "2016.10.16"]
[EventType "swiss"]
[EventRounds "7"]
[EventCountry "GCI"]
[SourceTitle "CBM 175 Extra"]
[Source "ChessBase"]
[SourceDate "2016.12.12"]
[SourceVersion "1"]
[SourceVersionDate "2016.12.12"]
[SourceQuality "1"]

1. e4 c5 2. Nf3 d6 3. Bb5+ Nd7 4. c3 Ngf6 5. Qe2 a6 6. Ba4 g6 7. 0-0 Bg7 8. d4 b5 9. Bc2 cxd4 10. cxd4 Bb7 11. a4 0-0 12. Re1 Qc7 13. Bd3 b4 14. a5 e5 15. dxe5 dxe5 16. Bd2 Nc5 17. Bxb4 Nxd3 18. Qxd3 Rfd8 19. Qc3 Qd7 20. Nbd2 Rac8 21. Qb3 Qb5 22. Qa4 Qxa4 23. Rxa4 Nd7 24. Bc3 Bc6 25. Rc4 Bb5 26. Rxc8 Rxc8 27. Nf1 Nc5 28. Ne3 f6 29. Nd2 Nd3 30. Rd1 Bf8 31. Ndf1 Kf7 32. Nd5 f5 33. Nb6 Rc7 34. exf5 gxf5 35. Ne3 Ke6 36. Nbd5 Rd7 37. Nb6 Rc7 38. Nbd5 Rd7 39. Nb6 Rc7 1/2-1/2

[Event "Guernsey op 42nd"]
[Site "Vale"]
[Date "2016.10.20"]
[Round "5"]
[White "Abbas, Daniel Karim"]
[Black "Hoogland, Dirk"]
[Result "1/2-1/2"]
[WhiteElo "2294"]
[BlackElo "2139"]
[PlyCount "148"]
[EventDate "2016.10.16"]
[EventType "swiss"]
[EventRounds "7"]
[EventCountry "GCI"]
[SourceTitle "CBM 175 Extra"]
[Source "ChessBase"]
[SourceDate "2016.12.12"]
[SourceVersion "1"]
[SourceVersionDate "2016.12.12"]
[SourceQuality "1"]

1. e4 c5 2. Nf3 g6 3. d4 cxd4 4. Nxd4 Nc6 5. Nc3 Bg7 6. Be3 Nf6 7. Bc4 0-0 8. Bb3 a5 9. 0-0 a4 10. Nxa4 Nxe4 11. Nb5 d6 12. Bb6 Qd7 13. Re1 Ne5 14. Qe2 Nf6 15. Bd4 Ra5 16. c4 Nc6 17. Bb6 Ra6 18. Rad1 Qf5 19. Nc7 Rxb6 20. Nxb6 Ng4 21. h3 Nh6 22. Bc2 Qg5 23. Nxc8 Rxc8 24. Ne6 Qa5 25. Nxg7 Kxg7 26. Bb1 Ng8 27. Rd5 Qa6 28. b3 Nf6 29. Rd2 Qa5 30. Red1 Rc7 31. Be4 Qc5 32. Bxc6 bxc6 33. Rb1 Qb4 34. Rc2 c5 35. Qf3 Qa5 36. Ra1 Qa3 37. Qc3 Rb7 38. Re2 Rc7 39. Rae1 Qa7 40. a3 Kg8 41. Qb2 Nh5 42. g3 Ng7 43. b4 cxb4 44. axb4 Ne6 45. Qc3 Qa6 46. Rc2 Qb7 47. h4 Qb6 48. Rd1 Rc8 49. Rd5 Nc7 50. Ra5 Ne6 51. Rd5 Nc7 52. Rd1 Ne6 53. Ra2 Rb8 54. Ra4 Qc6 55. Ra7 Re8 56. Rda1 Qe4 57. Re1 Qc6 58. h5 gxh5 59. Ra5 Ng7 60. c5 Ne6 61. Qe3 dxc5 62. Qh6 Qd5 63. Rxe6 Qxe6 64. Qxe6 fxe6 65. Rxc5 h4 66. gxh4 Rd8 67. Rc4 Rd3 68. Kf1 Rb3 69. Ke2 Kf7 70. Rf4+ Kg6 71. Rg4+ Kf5 72. Rg7 h6 73. Rh7 Rxb4 74. Rxh6 e5 1/2-1/2